Welcome to...home-based business computing / (Record no. 345375)
[ view plain ]
| 000 -LEADER | |
|---|---|
| fixed length control field | 01012 a2200205 4500 |
| 020 ## - INTERNATIONAL STANDARD BOOK NUMBER | |
| International Standard Book Number | 1558284036 |
| 020 ## - INTERNATIONAL STANDARD BOOK NUMBER | |
| International Standard Book Number | 9781558284036 |
| 082 04 - DEWEY DECIMAL CLASSIFICATION NUMBER | |
| Classification number | 658.041 |
| 090 ## - LOCALLY ASSIGNED LC-TYPE CALL NUMBER (OCLC); LOCAL CALL NUMBER (RLIN) | |
| -- | 2885 |
| -- | 2885 |
| 100 1# - MAIN ENTRY--PERSONAL NAME | |
| Personal name | Shannon, L. R. |
| 245 10 - TITLE STATEMENT | |
| Title | Welcome to...home-based business computing / |
| Statement of responsibility, etc. | L. R. Shannon. |
| 260 ## - PUBLICATION, DISTRIBUTION, ETC. | |
| Place of publication, distribution, etc. | [S.l.] : |
| Name of publisher, distributor, etc. | Mis Pr, |
| Date of publication, distribution, etc. | 1995. |
| 300 ## - PHYSICAL DESCRIPTION | |
| Extent | 231 p. ; |
| Dimensions | 25 cm. |
| 500 ## - GENERAL NOTE | |
| General note | Paperback. |
| 520 ## - SUMMARY, ETC. | |
| Summary, etc. | Here is the first complete startup reference for those who want to put today's--and tomorrow's--computer power to work in a home office of any size and type. Designed as a guide to equipment and to organizing and operating a home business, this book helps readers make intelligent decisions on hardware and software that maximize productivity and flexibility. |
| 700 1# - ADDED ENTRY--PERSONAL NAME | |
| Personal name | Shannon, Janet. |
| 856 40 - ELECTRONIC LOCATION AND ACCESS | |
| Materials specified | Amazon.com |
| Uniform Resource Identifier | <a href="http://www.amazon.com/exec/obidos/ASIN/1558284036/chopaconline-20">http://www.amazon.com/exec/obidos/ASIN/1558284036/chopaconline-20</a> |
| 856 40 - ELECTRONIC LOCATION AND ACCESS | |
| Materials specified | Amazon customer reviews |
| Uniform Resource Identifier | <a href="http://www.chopac.org/cgi-bin/tools/azrev.pl?q=1558284036">http://www.chopac.org/cgi-bin/tools/azrev.pl?q=1558284036</a> |
| 942 ## - ADDED ENTRY ELEMENTS (KOHA) | |
| Institution code [OBSOLETE] | NBS |
| Koha item type | Book |
| Call number prefix | 658.041 SHA |
| Withdrawn status | Lost status | Damaged status | Not for loan | Permanent Location | Current Location | Date acquired | Total Checkouts | Full call number | Barcode | Date last seen | Price effective from | Koha item type |
|---|---|---|---|---|---|---|---|---|---|---|---|---|
| Central Library (CL) | Central Library (CL) | 08/28/2013 | 658.041 SHA | NBS771 | 04/08/2015 | 08/28/2013 | Book | |||||
| Central Library (CL) | Central Library (CL) | 08/28/2013 | 658.041 SHA | NBS772 | 08/28/2013 | 08/28/2013 | Book |
